| 000 | 00695cam a22002411 4500 | ||
|---|---|---|---|
| 001 | sa 63003453 | ||
| 003 | DLC | ||
| 005 | 20260227111941.0 | ||
| 008 | 820616s1962 ii a 000 0 eng | ||
| 010 | _asa 63003453 | ||
| 025 | _aPL480:I-E-1321 | ||
| 035 | _a(OCoLC)10392299 | ||
| 040 |
_aDLC _cMnU _dDLC |
||
| 042 | _apremarc | ||
| 050 | 0 | 0 |
_aSB473 _b.B53 |
| 100 | 1 | _aBirla, L. N. | |
| 245 | 1 | 0 | _aPlanning a landscape garden. |
| 250 | _a[1st ed. | ||
| 260 |
_aCalcutta, _bRoyal Agri-horticultural Society of India, _c1962] |
||
| 300 |
_a89 p. _billus. _c23 cm. |
||
| 500 | _aName of distributor, Oxford Book & Stationery Co., on label mounted on t.p. | ||
| 650 | 0 | _aLandscape gardening. | |
| 999 |
_c55087 _d55087 |
||